000 00406nam a2200133Ia 4500
005 20210429153915.0
008 210429s9999 xx 000 0 und d
082 _aCHM-MS SI/BL
100 _aMajor Muhammad Abudakar Siddiqui
_954753
245 _aField Testing of Nano-Polymer Blast Protection Meterial Employing Suitable Target
260 _aISLAMABAD
_bSCME
_c2010
300 _a119P
942 _2ddc
_cREF
999 _c561127
_d561127